| 000 | 01222nam a2200349 i 4500 | ||
|---|---|---|---|
| 001 | 000021690 | ||
| 003 | DO-SdBNP | ||
| 005 | 20260226080109.0 | ||
| 007 | ta | ||
| 008 | 100910s20uu dr 001 0 spa d | ||
| 020 | _a9993473111 | ||
| 040 |
_aDO-SdBNP _bspa _cBNPHU _erda |
||
| 041 | _aspa | ||
| 082 | 4 |
_a170.44 _bM385t _222 |
|
| 100 | 1 |
_aMartínez de Medina, Zoila, _d1941- _eautor _4aut. _96500 |
|
| 245 | 1 | 0 |
_aTemas del diario vivir y algo más / _cZoila Martínez de Medina ; prólogo, Joaquín Balaguer. |
| 264 | 1 |
_aSanto Domingo : _bDe Colores, _c20--? |
|
| 300 |
_a218 páginas ; _c22 cm. |
||
| 336 |
_atexto _btxt _2rdacontent |
||
| 337 |
_asin mediación _bn _2rdamedia |
||
| 338 |
_avolumen _bnc _2rdacarrier |
||
| 500 | _aIncluye datos biográficos del autor en la solapa de la cubierta. | ||
| 590 | _aInventariado, 2018/MFF | ||
| 650 | 7 |
_aConducta de vida _911947 _2LIBRUNAM |
|
| 650 | 4 |
_aCortesía _9401 |
|
| 650 | 4 |
_aRelaciones humanas _9606 |
|
| 650 | 4 |
_aFormulas de tratamiento _9403 |
|
| 651 | 4 |
_aRepública Dominicana _xVida social y costumbres _9405 |
|
| 700 | 1 |
_a Balaguer, Joaquín, _d1906-2002 _eprologuista _4pr. _976556 |
|
| 910 | _aValidado. Control de la calidad EMS. | ||
| 942 |
_2ddc _cLBS1 |
||
| 999 |
_c21189 _d21189 |
||